000 00503nam a2200169 i 4500
001 88046
003 ES-MaACL
005 20231227062550.0
007 t|
008 050103s1910 sp ||||1| spa d
100 1 _aLabra, Rafael M. de,
_d1840-1918
_969273
245 1 3 _aLa orientación internacional de España /
_cpor Rafael M. de Labra.
260 _aMadrid :
_b[s.n.,
_c1910] (
_fTip. de Alfredo Alonso)
300 _aXVI, 320 p. ;
_c20 cm.
852 _aES-MaACL
_jF-8505
999 _c88046
_d88046